00630nam a22001217a 4500008004100000020001500041050002800056245029400084260004600378300002300424440003800447800002300485140902b xxu||||| |||| 00| 0 eng d a0406093288 aKD277.7.L39(1926 vol.1) aThe Law Reports (1926 vol.1) Kings bench division: of the incorporated Council of law reporting Kings Bench Division: and on appeal therefrom in the Court of Appeal, decisions in the Court of criminal appeal and decisions of the Railway and Canal Commission. /cedited by Frederick Pollock aLondon:bButterworth and Co. Ltd.,c1926. aviii, 595p.:c24cm pKings Bench Division, 1926vvol 1 aPollock, Frederick